{"text_format":"3","workbook":"xlsx","n_sheets":1,"sheets":["t546"],"read":"whole","date_system":"1900"}

{"sheet":"t546","index":0,"n_rows":155,"n_cols":7,"rows_kept":155,"merged":[[0,0,0,6],[30,0,30,5],[44,0,44,5],[141,0,141,5]]}
["TABELA 546.1 - Estatísticas Agrícolas, Município de São Joaquim da Barra, Estado de São Paulo, 2007/08."]
["ITEM","UNIDADE","N.DE UPAs","MÍNIMO","MÉDIO","MÁXIMO","TOTAL"]
["Distância à sede do município","km",253,{"v":1,"d":"1.0"},{"v":10.22,"d":"10.2"},{"v":38,"d":"38.0"},"-"]
["Área total","hectare",253,2.4,{"v":153.71,"d":"153.7"},{"v":2725.2,"d":"2,725.2"},{"v":38889.4,"d":"38,889.4"}]
["Área com cultura perene","hectare",1,1.2,1.2,1.2,1.2]
["Área com cultura temporária","hectare",208,{"v":1,"d":"1.0"},{"v":157.04,"d":"157.0"},{"v":2358.2,"d":"2,358.2"},{"v":32664.6,"d":"32,664.6"}]
["Área com pastagem","hectare",140,0.2,{"v":18.33,"d":"18.3"},158.3,{"v":2566.7,"d":"2,566.7"}]
["Área com reflorestamento","hectare",6,{"v":1,"d":"1.0"},{"v":4.82,"d":"4.8"},16.9,28.9]
["Área com vegetação natural","hectare",86,0.6,{"v":24.98,"d":"25.0"},357.4,{"v":2147.9,"d":"2,147.9"}]
["Área com vegetação de brejo e várzea","hectare","-","-","-","-",{"v":0,"d":"0.0"}]
["Área em descanso","hectare",65,0.2,{"v":4.65,"d":"4.7"},{"v":29,"d":"29.0"},302.1]
["Área complementar","hectare",219,0.1,{"v":5.38,"d":"5.4"},125.8,{"v":1178,"d":"1,178.0"}]
["Área das UPAs com (0, 1] ha","hectare","-","-","-","-","-"]
["Área das UPAs com (1, 2] ha","hectare","-","-","-","-","-"]
["Área das UPAs com (2, 5] ha","hectare",13,2.4,{"v":3.97,"d":"4.0"},{"v":5,"d":"5.0"},51.6]
["Área das UPAs com (5, 10] ha","hectare",21,5.1,{"v":7.52,"d":"7.5"},{"v":10,"d":"10.0"},157.9]
["Área das UPAs com (10, 20] ha","hectare",44,10.1,{"v":14.12,"d":"14.1"},19.3,621.2]
["Área das UPAs com (20, 50] ha","hectare",60,20.6,{"v":34.91,"d":"34.9"},48.4,{"v":2094.3,"d":"2,094.3"}]
["Área das UPAs com (50, 100] ha","hectare",38,50.9,{"v":68.39,"d":"68.4"},96.4,{"v":2599,"d":"2,599.0"}]
["Área das UPAs com (100, 200] ha","hectare",28,100.4,{"v":146.65,"d":"146.7"},198.2,{"v":4106.2,"d":"4,106.2"}]
["Área das UPAs com (200, 500] ha","hectare",25,203.9,328.2,479.4,{"v":8205,"d":"8,205.0"}]
["Área das UPAs com (500, 1.000] ha","hectare",19,514.1,{"v":701.29,"d":"701.3"},955.8,{"v":13324.6,"d":"13,324.6"}]
["Área das UPAs com (1.000, 2.000] ha","hectare",4,{"v":1146.9,"d":"1,146.9"},{"v":1251.1,"d":"1,251.1"},{"v":1485.6,"d":"1,485.6"},{"v":5004.4,"d":"5,004.4"}]
["Área das UPAs com (2.000, 5.000] ha","hectare",1,{"v":2725.2,"d":"2,725.2"},{"v":2725.2,"d":"2,725.2"},{"v":2725.2,"d":"2,725.2"},{"v":2725.2,"d":"2,725.2"}]
["Área das UPAs com (5.000, 10.000] ha","hectare","-","-","-","-","-"]
["Área das UPAs acima de 10.000 ha","hectare","-","-","-","-","-"]
["Familiares do proprietário que trabalham na UPA","unidade",96,{"v":1,"d":"1.0"},{"v":1.32,"d":"1.3"},{"v":8,"d":"8.0"},{"v":127,"d":"127.0"}]
["Trabalhadores permanentes","unidade",104,{"v":1,"d":"1.0"},{"v":1.61,"d":"1.6"},{"v":15,"d":"15.0"},{"v":167,"d":"167.0"}]
["Fonte: Secretaria de Agricultura e Abastecimento, CDRS/IEA, Projeto LUPA."]
[]
["TABELA 546.2 - Explorações Animais, Município de São Joaquim da Barra, Estado de São Paulo, 2007/08."]
["ITEM","UNIDADE","N.DE UPAs","MÍNIMO","MÉDIO","MÁXIMO","TOTAL"]
["Asininos E Muares","cabeças",3,{"v":3,"d":"3.0"},{"v":6.33,"d":"6.3"},{"v":8,"d":"8.0"},{"v":19,"d":"19.0"}]
["Avicultura de Corte","cabeças/ano",3,{"v":80000,"d":"80,000.0"},{"v":90000,"d":"90,000.0"},{"v":95000,"d":"95,000.0"},{"v":270000,"d":"270,000.0"}]
["Bovinocultura de Corte","cabeças",7,{"v":3,"d":"3.0"},{"v":29.43,"d":"29.4"},{"v":70,"d":"70.0"},{"v":206,"d":"206.0"}]
["Bovinocultura Leiteira","cabeças",13,{"v":3,"d":"3.0"},{"v":19.85,"d":"19.9"},{"v":100,"d":"100.0"},{"v":258,"d":"258.0"}]
["Bovinocultura Mista","cabeças",128,{"v":3,"d":"3.0"},{"v":32.78,"d":"32.8"},{"v":500,"d":"500.0"},{"v":4196,"d":"4,196.0"}]
["Caprinocultura","cabeças",1,{"v":15,"d":"15.0"},{"v":15,"d":"15.0"},{"v":15,"d":"15.0"},{"v":15,"d":"15.0"}]
["Equinocultura","cabeças",6,{"v":1,"d":"1.0"},{"v":3.17,"d":"3.2"},{"v":8,"d":"8.0"},{"v":19,"d":"19.0"}]
["Ovinocultura","cabeças",2,{"v":9,"d":"9.0"},10.5,{"v":12,"d":"12.0"},{"v":21,"d":"21.0"}]
["Piscicultura","m² tanques",1,{"v":400,"d":"400.0"},{"v":400,"d":"400.0"},{"v":400,"d":"400.0"},{"v":400,"d":"400.0"}]
["Suinocultura","cabeças",15,{"v":2,"d":"2.0"},{"v":13.33,"d":"13.3"},{"v":50,"d":"50.0"},{"v":200,"d":"200.0"}]
["Fonte: Secretaria de Agricultura e Abastecimento, CDRS/IEA, Projeto LUPA."]
[]
["TABELA 546.3 -  Máquinas, Implementos e Benfeitorias, Município de São Joaquim da Barra, Estado de São Paulo, 2007/08."]
["ITEM","UNIDADE","N.DE UPAs","MÍNIMO","MÉDIO","MÁXIMO","TOTAL"]
["Arado Comum (Bacia, Aiveca)","Unidade",10,{"v":1,"d":"1.0"},1.3,{"v":3,"d":"3.0"},{"v":13,"d":"13.0"}]
["Arado Escarificador","Unidade",31,{"v":1,"d":"1.0"},{"v":1.23,"d":"1.2"},{"v":3,"d":"3.0"},{"v":38,"d":"38.0"}]
["Arado Subsolador","Unidade",26,{"v":1,"d":"1.0"},{"v":1.23,"d":"1.2"},{"v":4,"d":"4.0"},{"v":32,"d":"32.0"}]
["Câmara Fria","Unidade",1,{"v":1,"d":"1.0"},{"v":1,"d":"1.0"},{"v":1,"d":"1.0"},{"v":1,"d":"1.0"}]
["Carregadeira de Cana","Unidade",11,{"v":1,"d":"1.0"},{"v":1.45,"d":"1.5"},{"v":2,"d":"2.0"},{"v":16,"d":"16.0"}]
["Colhedeira Acoplada","Unidade",1,{"v":1,"d":"1.0"},{"v":1,"d":"1.0"},{"v":1,"d":"1.0"},{"v":1,"d":"1.0"}]
["Colhedeira Automotriz","Unidade",4,{"v":1,"d":"1.0"},{"v":1,"d":"1.0"},{"v":1,"d":"1.0"},{"v":4,"d":"4.0"}]
["Conj.Irrigação Convencional","Unidade",1,{"v":1,"d":"1.0"},{"v":1,"d":"1.0"},{"v":1,"d":"1.0"},{"v":1,"d":"1.0"}]
["Conj.Irrigação Pivot Central","Unidade",1,{"v":1,"d":"1.0"},{"v":1,"d":"1.0"},{"v":1,"d":"1.0"},{"v":1,"d":"1.0"}]
["Desintegrador, Picador, Triturador","Unidade",58,{"v":1,"d":"1.0"},{"v":1.03,"d":"1.0"},{"v":2,"d":"2.0"},{"v":60,"d":"60.0"}]
["Distribuidor de Calcário","Unidade",7,{"v":1,"d":"1.0"},{"v":1.14,"d":"1.1"},{"v":2,"d":"2.0"},{"v":8,"d":"8.0"}]
["Ensiladeira","Unidade",13,{"v":1,"d":"1.0"},{"v":1,"d":"1.0"},{"v":1,"d":"1.0"},{"v":13,"d":"13.0"}]
["Grade Aradora (Tipo Romi)","Unidade",8,{"v":1,"d":"1.0"},1.5,{"v":2,"d":"2.0"},{"v":12,"d":"12.0"}]
["Grade Niveladora","Unidade",12,{"v":1,"d":"1.0"},{"v":1.67,"d":"1.7"},{"v":3,"d":"3.0"},{"v":20,"d":"20.0"}]
["Implementos para Tração Animal","Unidade",3,{"v":1,"d":"1.0"},{"v":1.33,"d":"1.3"},{"v":2,"d":"2.0"},{"v":4,"d":"4.0"}]
["Microtrator","Unidade",2,{"v":1,"d":"1.0"},{"v":1,"d":"1.0"},{"v":1,"d":"1.0"},{"v":2,"d":"2.0"}]
["Misturador de Ração","Unidade",8,{"v":1,"d":"1.0"},{"v":1,"d":"1.0"},{"v":1,"d":"1.0"},{"v":8,"d":"8.0"}]
["Pulverizador Tratorizado","Unidade",25,{"v":1,"d":"1.0"},{"v":1.28,"d":"1.3"},{"v":2,"d":"2.0"},{"v":32,"d":"32.0"}]
["Resfriador de Leite, Tanque Expansão","Unidade",6,{"v":1,"d":"1.0"},{"v":1,"d":"1.0"},{"v":1,"d":"1.0"},{"v":6,"d":"6.0"}]
["Semeadeira/Adubadeira para Plantio Convencional","Unidade",7,{"v":1,"d":"1.0"},{"v":1.14,"d":"1.1"},{"v":2,"d":"2.0"},{"v":8,"d":"8.0"}]
["Semeadeira/Plantadeira Plantio Direto","Unidade",22,{"v":1,"d":"1.0"},{"v":1.23,"d":"1.2"},{"v":3,"d":"3.0"},{"v":27,"d":"27.0"}]
["Terraceador","Unidade",20,{"v":1,"d":"1.0"},1.4,{"v":5,"d":"5.0"},{"v":28,"d":"28.0"}]
["Trator de Esteiras","Unidade",3,{"v":1,"d":"1.0"},{"v":1,"d":"1.0"},{"v":1,"d":"1.0"},{"v":3,"d":"3.0"}]
["Trator de Pneus","Unidade",59,{"v":1,"d":"1.0"},{"v":2.07,"d":"2.1"},{"v":7,"d":"7.0"},{"v":122,"d":"122.0"}]
["Açude/Represa","Unidade",55,{"v":1,"d":"1.0"},{"v":1.44,"d":"1.4"},{"v":9,"d":"9.0"},{"v":79,"d":"79.0"}]
["Almoxarifado/Oficina","Unidade",36,{"v":1,"d":"1.0"},{"v":1,"d":"1.0"},{"v":1,"d":"1.0"},{"v":36,"d":"36.0"}]
["Armazém para Grãos Ensacados","Sacas",9,{"v":1,"d":"1.0"},{"v":2045.33,"d":"2,045.3"},{"v":18000,"d":"18,000.0"},{"v":18408,"d":"18,408.0"}]
["Balança para Bovinos","Unidade",2,{"v":1,"d":"1.0"},{"v":1,"d":"1.0"},{"v":1,"d":"1.0"},{"v":2,"d":"2.0"}]
["Barracão para Granja/Avicultura","Unidade",12,{"v":1,"d":"1.0"},1.5,{"v":3,"d":"3.0"},{"v":18,"d":"18.0"}]
["Barracão/Galpão/Garagem","Unidade",83,{"v":1,"d":"1.0"},{"v":1.06,"d":"1.1"},{"v":3,"d":"3.0"},{"v":88,"d":"88.0"}]
["Casa de Moradia Habitada","Unidade",122,{"v":1,"d":"1.0"},{"v":2.04,"d":"2.0"},{"v":21,"d":"21.0"},{"v":249,"d":"249.0"}]
["Casa de Moradia Total","Unidade",140,{"v":1,"d":"1.0"},{"v":2.41,"d":"2.4"},{"v":15,"d":"15.0"},{"v":337,"d":"337.0"}]
["Curral/Mangueira","Unidade",114,{"v":1,"d":"1.0"},{"v":1.04,"d":"1.0"},{"v":2,"d":"2.0"},{"v":118,"d":"118.0"}]
["Depósito/Tulha","Unidade",16,{"v":1,"d":"1.0"},{"v":1,"d":"1.0"},{"v":1,"d":"1.0"},{"v":16,"d":"16.0"}]
["Estábulo","Unidade",5,{"v":1,"d":"1.0"},{"v":1,"d":"1.0"},{"v":1,"d":"1.0"},{"v":5,"d":"5.0"}]
["Fábrica de Ração","Unidade",4,{"v":1,"d":"1.0"},{"v":1,"d":"1.0"},{"v":1,"d":"1.0"},{"v":4,"d":"4.0"}]
["Instalações para Equinos","Unidade",6,{"v":1,"d":"1.0"},2.5,{"v":10,"d":"10.0"},{"v":15,"d":"15.0"}]
["Máquina de Benefício","Unidade",1,{"v":1,"d":"1.0"},{"v":1,"d":"1.0"},{"v":1,"d":"1.0"},{"v":1,"d":"1.0"}]
["Pocilga","Unidade",21,{"v":1,"d":"1.0"},{"v":1.29,"d":"1.3"},{"v":5,"d":"5.0"},{"v":27,"d":"27.0"}]
["Poço Semi-Artesiano","Unidade",14,{"v":1,"d":"1.0"},{"v":1,"d":"1.0"},{"v":1,"d":"1.0"},{"v":14,"d":"14.0"}]
["Posto Meteorológico","Unidade",2,{"v":1,"d":"1.0"},{"v":1,"d":"1.0"},{"v":1,"d":"1.0"},{"v":2,"d":"2.0"}]
["Secador de Grãos","Unidade",2,{"v":1,"d":"1.0"},1.5,{"v":2,"d":"2.0"},{"v":3,"d":"3.0"}]
["Silo para Silagem","t",7,{"v":1,"d":"1.0"},{"v":12904.71,"d":"12,904.7"},{"v":90000,"d":"90,000.0"},{"v":90333,"d":"90,333.0"}]
["Terreiro","m²",5,{"v":1,"d":"1.0"},{"v":151,"d":"151.0"},{"v":750,"d":"750.0"},{"v":755,"d":"755.0"}]
["Fonte: Secretaria de Agricultura e Abastecimento, CDRS/IEA, Projeto LUPA."]
[]
["TABELA 546.4 - Outras Estatísticas Agrícolas, Município de São Joaquim da Barra, Estado de São Paulo, 2007/08."]
["ITEM","Número de UPAs",null,"Percentual"]
["Faz Parte de Associação de Produtores",126,null,{"v":49.80237154150198,"d":"49.8"}]
["Faz Parte de Cooperativa de Produtores",149,null,{"v":58.89328063241106,"d":"58.9"}]
["Faz Parte do Sindicato de Produtores",118,null,{"v":46.640316205533594,"d":"46.6"}]
["Não utiliza assistência técnica ",16,null,{"v":6.324110671936759,"d":"6.3"}]
["Utiliza somente assistência técnica governamental ",37,null,{"v":14.624505928853756,"d":"14.6"}]
["Utiliza somente assistência técnica privada ",16,null,{"v":6.324110671936759,"d":"6.3"}]
["Utiliza assistência técnica tanto governamental quanto privada",184,null,{"v":72.72727272727273,"d":"72.7"}]
["Utiliza Crédito Rural",87,null,{"v":34.387351778656125,"d":"34.4"}]
["Utiliza Seguro Rural",5,null,{"v":1.9762845849802373,"d":"2.0"}]
["Utiliza Escrituração Agrícola",187,null,{"v":73.91304347826087,"d":"73.9"}]
["Acessa Internet p/ Fins na Agropecuária",6,null,{"v":2.3715415019762847,"d":"2.4"}]
["Utiliza Computador nas Atividades Agropecuárias",30,null,{"v":11.857707509881422,"d":"11.9"}]
["Utiliza Energia Elétrica Para Uso na Atividade Agrícola",216,null,{"v":85.37549407114625,"d":"85.4"}]
["Realiza Análise de Solo, quando necessário",168,null,{"v":66.40316205533597,"d":"66.4"}]
["Utiliza Práticas de Conservação de Solo, quando necessário",218,null,{"v":86.16600790513833,"d":"86.2"}]
["Faz Adubação Mineral, quando necessário",43,null,{"v":16.99604743083004,"d":"17.0"}]
["Faz Adubação Orgânica, quando necessário",11,null,{"v":4.3478260869565215,"d":"4.3"}]
["Faz Adubação Verde, quando necessário",1,null,{"v":0.3952569169960474,"d":"0.4"}]
["Utiliza Manejo Integrado de Pragas (MIP)","-",null,"-"]
["Utiliza Hidroponia","-",null,"-"]
["Utiliza Plasticultura","-",null,"-"]
["Utiliza Mudas Fiscalizadas",6,null,{"v":2.3715415019762847,"d":"2.4"}]
["Utiliza Semente Melhorada",67,null,{"v":26.48221343873518,"d":"26.5"}]
["Faz Confinamento de Bovinos",2,null,{"v":0.7905138339920948,"d":"0.8"}]
["Utiliza Pastejo Intensivo",12,null,{"v":4.743083003952569,"d":"4.7"}]
["Faz Inseminação Artificial",3,null,{"v":1.1857707509881423,"d":"1.2"}]
["Faz Mineralização do Rebanho",128,null,{"v":50.59288537549407,"d":"50.6"}]
["Faz Vermifugação do Rebanho",129,null,{"v":50.98814229249012,"d":"51.0"}]
["Possui Parceiros /Arrendatários na Exploração Animal",12,null,{"v":4.743083003952569,"d":"4.7"}]
["Esporte e lazer","-",null,"-"]
["Extração mineral","-",null,"-"]
["Hotel Fazenda, Pousada ou SPA","-",null,"-"]
["Pesque-pague","-",null,"-"]
["Restaurante ou Lanchonete","-",null,"-"]
["Transformação artesanal","-",null,"-"]
["Turismo rural ou ecoturismo","-",null,"-"]
["Outras atividades econômicas rurais","-",null,"-"]
["Agroindústria","-",null,"-"]
["Proprietário sem instrução ou com instrução incompleta",3,null,{"v":1.1857707509881423,"d":"1.2"}]
["Proprietário com antigo primário completo",74,null,{"v":29.249011857707508,"d":"29.2"}]
["Proprietário com 1° grau (ou antigo ginasial) completo",58,null,{"v":22.92490118577075,"d":"22.9"}]
["Proprietário com 2° grau (ou antigo colegial) completo",48,null,{"v":18.972332015810277,"d":"19.0"}]
["Proprietário com curso superior completo ",55,null,{"v":21.73913043478261,"d":"21.7"}]
["Pessoa Jurídica",15,null,{"v":5.928853754940712,"d":"5.9"}]
["Proprietário residente na própria UPA ",25,null,{"v":9.881422924901186,"d":"9.9"}]
["Fonte: Secretaria de Agricultura e Abastecimento, CDRS/IEA, Projeto LUPA."]
[]
["TABELA 546.5 - Área Cultivada, Município de São Joaquim da Barra, Estado de São Paulo, 2007/08."]
["CULTURA","N.DE UPAs","MÍNIMO","MÉDIO","MÁXIMO","TOTAL"]
["Cana-de-acucar",176,{"v":1,"d":"1.0"},{"v":179.27,"d":"179.3"},{"v":2358.2,"d":"2,358.2"},{"v":31552,"d":"31,552.0"}]
["Braquiaria",126,0.2,{"v":17.37,"d":"17.4"},158.3,{"v":2188.2,"d":"2,188.2"}]
["Soja",27,{"v":3,"d":"3.0"},34.8,157.3,939.5]
["Milho",17,{"v":3,"d":"3.0"},{"v":23.15,"d":"23.2"},95.1,393.5]
["Coloniao",14,{"v":7,"d":"7.0"},{"v":27.04,"d":"27.0"},{"v":60,"d":"60.0"},378.5]
["Eucalipto",6,{"v":1,"d":"1.0"},{"v":4.82,"d":"4.8"},16.9,28.9]
["Sorgo",2,3.6,4.8,{"v":6,"d":"6.0"},9.6]
["Cafe",1,1.2,1.2,1.2,1.2]
["Mandioca",1,0.8,0.8,0.8,0.8]
["Alface",1,0.2,0.2,0.2,0.2]
["Pimentao",1,0.1,0.1,0.1,0.1]
["Fonte: Secretaria de Agricultura e Abastecimento, CDRS/IEA, Projeto LUPA."]